Представление документа в формате RUSMARC

ПолеНазваниеЗначение
  Тип записи a
  Библиографический уровень m
001 Контрольный номер SKBR/af784e6b-a53f-44d0-a67c-4340a404c4c6
005 Дата корректировки 20260417123056.9
010 Индекс ISBN __
a ISBN 978-5-16-019902-3
b Уточнения в пер.
b Уточнения print
010 Индекс ISBN __
a ISBN 978-5-16-112442-0
b Уточнения online
9 Тираж 500 экз.
035 Другие системные номера __
a Идентификатор записи RU\NLR\BIBL_A\022511626
100 Данные общей обработки __
a Данные общей обработки 20250403d2025 mk y0rusy028902 ca
101 Язык документа 0_
a Язык текста rus
102 Страна публикации __
a Страна публикации RU
105 Кодированные данные (монография) __
a Кодированные данные (монография) a j 000yy
181 Поле кодированных данных: вид содержания _0
a Код вида содержания (ISBD) i
182 Поле кодированных данных: тип средства _0
a Код типа средства (ISBD) n
200 Заглавие и сведения об ответственности 1_
a Заглавие Основы проектной деятельности
e Сведения, относящиеся к заглавию учебник : [для студентов, аспирантов, преподавателей, учителей]
f Первые сведения об ответственности [Ю. А. Алексеева, М. В. Гашков, М. И. Имамвердиева и др.]
g Последующие сведения об ответственности под редакцией О. Л. Чулановой
203 Вид содержания и тип средства __
a Вид содержания Текст
c Тип средства непосредственный
210 Выходные данные 1_
a Место издания Москва
c Издательство Инфра-М
d Дата издания 2025
215 Физическое описание __
a Объем 306 с.
c Иллюстрации/тип воспроизводства ил., табл.
d Формат 22 см
225 Серия 1_
a Серия Высшее образование
300 Общие примечания __
a Общие примечания Авторы указаны на 3-й с.
300 Общие примечания __
a Общие примечания На титульном листе: Электронно-Библиотечная Система znanium
320 Библиография __
a Библиография Библиография: с. 281-290 и в подстрочных примечаниях
330 Аннотация __
a Аннотация Учебник обобщает современные концепции и подходы в области основ управления проектами и предназначен для изучения учебных курсов, посвященных основам управления проектами и самому управлению проектами (Project Management). Материалы учебника основаны на рекомендациях Руководства Project Management Body of Knowledge (PMBOK) и Международной ассоциации управления проектами (International Project Management Association - IPMA). Соответствует требованиям федеральных государственных образовательных стандартов высшего образования последнего поколения. Для студентов, обучающихся по всем направлениям подготовки, и аспирантов, а также для профессорско-преподавательского состава вузов, специалистов по работе с персоналом современных организаций, консультантов по управлению проектами, учителей школ, гимназий, лицеев и преподавателей среднего профессионального образования.
606 Тематические рубрики __
a Основная рубрика Экономика
2 Код системы nlr_sh
606 Тематические рубрики __
2 Код системы nlr_sh
a Основная рубрика Внутрифирменное управление. Менеджмент
610 Ключевые слова 0_
a Ключевые слова проекты
610 Ключевые слова 0_
a Ключевые слова управление проектами
610 Ключевые слова 0_
a Ключевые слова разработка проектов
610 Ключевые слова 0_
a Ключевые слова управление проектами
610 Ключевые слова 0_
a Ключевые слова разработка проектов
610 Ключевые слова 0_
a Ключевые слова методология управления проектами
610 Ключевые слова 0_
a Ключевые слова тесты
610 Ключевые слова 0_
a Ключевые слова менеджмент
610 Ключевые слова 0_
a Ключевые слова проектная деятельность
686 Индексы других классификаций __
a Классификационный индекс 65.291.217я73
2 Код системы rubbks
701 Альтернативная интеллектуальная ответственность _1
a Фамилия Алексеева
b Имя Ю. А.
g Полное личное имя Юлия Алексеевна
4 Код отношения 070
701 Альтернативная интеллектуальная ответственность _1
a Фамилия Гашков
b Имя М. В.
g Полное личное имя Максим Викторович
4 Код отношения 070
701 Альтернативная интеллектуальная ответственность _1
a Фамилия Имамвердиева
b Имя М. И.
g Полное личное имя Марина Ивановна
4 Код отношения 070
701 Альтернативная интеллектуальная ответственность _1
a Фамилия Куприянова
b Имя Е. В.
g Полное личное имя Екатерина Васильевна
4 Код отношения 070
701 Альтернативная интеллектуальная ответственность _1
a Фамилия Муллер
b Имя О. Ю.
g Полное личное имя Ольга Юрьевна
4 Код отношения 070
701 Альтернативная интеллектуальная ответственность _1
a Фамилия Селедцова
b Имя И. А.
g Полное личное имя Инна Алексеевна
4 Код отношения 070
701 Альтернативная интеллектуальная ответственность _1
a Фамилия Семенов
b Имя О. Ю.
g Полное личное имя Олег Юрьевич
4 Код отношения 070
701 Альтернативная интеллектуальная ответственность _1
a Фамилия Усольцева
b Имя Н. А.
g Полное личное имя Наталья Андреевна
4 Код отношения 070
701 Альтернативная интеллектуальная ответственность _1
a Фамилия Чуланов
b Имя Д. В.
g Полное личное имя Дмитрий Викторович
4 Код отношения 070
702 Вторичная интеллектуальная ответственность _1
a Фамилия Чуланова
b Имя О. Л.
f Даты 1970-
g Полное личное имя Оксана Леонидовна
4 Код отношения 340
4 Код отношения 070
801 Источник записи _0
a Страна RU
b Организация NLR
c Дата составления 20250403
g Правила каталогизации PSBO
801 Источник записи _1
a Страна RU
b Организация NLR
c Дата составления 20250403
g Правила каталогизации PSBO
801 Источник записи _2
a Страна RU
b Организация NLR
c Дата составления 20250902
2 Код формата rusmarc
g Правила каталогизации PSBO
852 Данные о местонахождении __
i Авторский знак О-75
j Шифр хранения 65.291.217я73
901 Тип документа __
a Ответственный ООФиК/Волкова
t Тип документа m
901 Тип документа __
a Ответственный без партии
903 Характеристики (МАРС) __
a Дата передачи 20260416
c Наименование библиотеки (МАРС) Муниципальное бюджетное учреждение культуры "Централизованная библиотечная система" г. Сургут (Центральная городская библиотека им. А. С. Пушкина)
969 Тип издания __
a Тип издания учебник